The report of the Ambar-Charkha Enquiry Committee, 1956 (Record no. 394086)

000 -LEADER
fixed length control field 00481cam a22001457a 4500
008 - FIXED-LENGTH DATA ELEMENTS--GENERAL INFORMATION
fixed length control field 180718b1956 xxu||||| |||| 00| 0 eng d
082 ## - DEWEY DECIMAL CLASSIFICATION NUMBER
Classification number T2121 In2
100 ## - MAIN ENTRY--PERSONAL NAME
Personal name India. The Ambar-Charkha Enquiry Committee
245 ## - TITLE STATEMENT
Title The report of the Ambar-Charkha Enquiry Committee, 1956
260 ## - PUBLICATION, DISTRIBUTION, ETC.
Place of publication, distribution, etc. New Delhi
Name of publisher, distributor, etc. Ministry of Production
Date of publication, distribution, etc. 1956
300 ## - PHYSICAL DESCRIPTION
Extent 489+p.
500 ## - GENERAL NOTE
General note Chairman: Purushottam Kanji
700 ## - ADDED ENTRY--PERSONAL NAME
Personal name India. Ministry of Production
700 ## - ADDED ENTRY--PERSONAL NAME
Personal name Kanji, Purushottam (Chairman)
Holdings
Withdrawn status Lost status Damaged status Not for loan Permanent Location Current Location Date acquired Full call number Barcode Date last seen Price effective from Koha item type
        Indian Institute of Public Administration Indian Institute of Public Administration 2000-07-21 T2121 In2 4500 2018-07-21 2018-07-21 Book

Powered by Koha